| 000 | 00694nam a2200217 a 4500 | ||
|---|---|---|---|
| 005 | 20140310183440.0 | ||
| 008 | 080423s19uu xx 00 eng d | ||
| 020 | _a1557668612 | ||
| 050 |
_aLC 4019.3 _b.N66 2006 |
||
| 100 | _aNoonan, Mary Jo | ||
| 245 |
_aYoung children with disabilities in natural environments : _bmethods & procedures. / |
||
| 260 |
_aBaltimore : _bPaul H. Brookes Publishing Co, _c2006. |
||
| 300 |
_a376 p. : _bill. ; _c24 cm. |
||
| 521 | _aEDU | ||
| 650 |
_aChildren with disabilities _xEducation (Early childhood). |
||
| 650 | _aEarly childhood special education. | ||
| 650 | _aAutism. | ||
| 700 | _aMcCormick, Linda | ||
| 942 |
_cBK _2lcc _kFOR |
||
| 999 |
_c23077 _d23077 |
||